000
00298nam a2200109Ia 4500
008
220701s9999 xx 000 0 und d
020
_a
0 7959 0029 5
082
_a
J SSO
100
_a
Van Der Merwe, Marie
_9
65442
245
0
_a
KATSE RAMABADI
942
_c
BK
_w
561
_x
John Tresidder
_y
296
_z
Phillipina Naude
999
_c
702458
_d
702457